[Event "Wattens op 12th"]
[Site "Wattens"]
[Date "1997.??.??"]
[Round "?"]
[White "Alge, Karin"]
[Black "Zechner, Thomas"]
[Result "1/2-1/2"]
[WhiteElo "1745"]
[BlackElo "1620"]
[PlyCount "71"]
[EventDate "1997.??.??"]
[EventType "swiss"]
[EventRounds "9"]
[EventCountry "AUT"]
[SourceTitle "EXT 2000"]
[Source "ChessBase"]
[SourceDate "1999.11.16"]
[SourceVersion "1"]
[SourceVersionDate "1999.11.16"]
[SourceQuality "1"]

1. c4 Nf6 2. Nc3 g6 3. g3 Bg7 4. Bg2 0-0 5. Nf3 d6 6. 0-0 e5 7. d4 Nc6 8. d5 Ne7 9. b4 a5 10. bxa5 Rxa5 11. Qd3 e4 12. Nxe4 Nxe4 13. Bd2 Nxd2 14. Qxd2 Bxa1 15. Qxa5 b6 16. Qd2 Bg7 17. e4 Kh8 18. a4 Ng8 19. a5 bxa5 20. Qxa5 Bg4 21. Nd2 c5 22. Qxd8 Rxd8 23. h3 Be2 24. Re1 Bd3 25. Bf1 Bxf1 26. Rxf1 Ra8 27. f4 Ra2 28. Nf3 Rc2 29. e5 h6 30. exd6 Nf6 31. Ne5 Bf8 32. d7 Nxd7 33. Nxd7 Bd6 34. Ne5 Kg7 35. Rf2 Rc1+ 36. Kg2 1/2-1/2

[Event "Wattens op 09th"]
[Site "Wattens"]
[Date "1994.??.??"]
[Round "7"]
[White "Zechner, Thomas"]
[Black "Hillgarter, Christoph"]
[Result "0-1"]
[WhiteElo "1710"]
[BlackElo "1840"]
[PlyCount "76"]
[EventDate "1994.??.??"]
[EventType "swiss"]
[EventRounds "9"]
[EventCountry "AUT"]
[SourceTitle "EXT 2000"]
[Source "ChessBase"]
[SourceDate "1999.11.16"]
[SourceVersion "1"]
[SourceVersionDate "1999.11.16"]
[SourceQuality "1"]

1. f4 e6 2. Nf3 d5 3. g3 Nf6 4. Bg2 c5 5. d3 Nc6 6. c3 Bd6 7. 0-0 Qb6 8. Qc2 0-0 9. Re1 c4+ 10. d4 e5 11. fxe5 Bxe5 12. e3 Bd6 13. Nbd2 Re8 14. e4 Nxe4 15. Nxe4 dxe4 16. Rxe4 Ne7 17. Qf2 Bf5 18. Re1 Bg6 19. Ne5 Nf5 20. Nxc4 Rxe1+ 21. Qxe1 Qb5 22. Nxd6 Nxd6 23. Bf4 Re8 24. Qf2 Re2 25. Bf1 Rxf2 26. Bxb5 Rxf4 27. gxf4 Nxb5 28. Kf2 f6 29. Ke3 Kf7 30. c4 Nd6 31. b3 Ke7 32. Re1 Kd7 33. Kf3 Nf5 34. Ke4 Nh4+ 35. Kd5 Ng2 36. Rg1 Nxf4+ 37. Kc5 Nd3+ 38. Kd5 f5 0-1